[Event "FRA-ch op-C"]
[Site "Pau"]
[Date "2008.08.19"]
[Round "7"]
[White "Oltra, Alexandre"]
[Black "Tran, Alex"]
[Result "1-0"]
[WhiteElo "1665"]
[BlackElo "1750"]
[PlyCount "60"]
[EventDate "2008.08.11"]
[EventType "swiss"]
[EventRounds "9"]
[EventCountry "FRA"]
[SourceTitle "CBM 126 Extra"]
[Source "ChessBase"]
[SourceDate "2008.11.05"]
[SourceVersion "1"]
[SourceVersionDate "2008.11.05"]
[SourceQuality "1"]

1. d4 d5 2. c4 c6 3. Nf3 Nf6 4. e3 e6 5. Nc3 Bb4 6. Bd3 dxc4 7. Bxc4 Ne4 8. Bd2 Nxd2 9. Qxd2 0-0 10. 0-0 Nd7 11. a3 Bd6 12. b4 Nf6 13. e4 b5 14. Bb3 Nd7 15. Rfc1 Bb7 16. e5 Bc7 17. a4 a6 18. Qc2 Bb6 19. Ne4 bxa4 20. Bxa4 f5 21. Nd6 Rb8 22. Bxc6 Bxd4 23. Nxb7 Rxb7 24. Bxb7 Bxa1 25. Rxa1 Qb6 26. Bxa6 Qxb4 27. Qc4 Qe7 28. Rd1 Nb6 29. Qc6 Nd5 30. Bc4 Nc7 1-0

[Event "FRA-ch op-C"]
[Site "Pau"]
[Date "2008.08.16"]
[Round "5"]
[White "Froment, Theophile"]
[Black "Tran, Alex"]
[Result "1/2-1/2"]
[WhiteElo "1661"]
[BlackElo "1750"]
[PlyCount "59"]
[EventDate "2008.08.11"]
[EventType "swiss"]
[EventRounds "9"]
[EventCountry "FRA"]
[SourceTitle "CBM 126 Extra"]
[Source "ChessBase"]
[SourceDate "2008.11.05"]
[SourceVersion "1"]
[SourceVersionDate "2008.11.05"]
[SourceQuality "1"]

1. e4 c5 2. Nf3 d6 3. d4 cxd4 4. Nxd4 a6 5. Nc3 Nf6 6. f3 e5 7. Nb3 Be7 8. Be3 0-0 9. Qd2 a5 10. a4 Be6 11. g4 Bxb3 12. cxb3 Nc6 13. Bc4 Nd4 14. Bxd4 exd4 15. Qxd4 d5 16. Nxd5 Nxd5 17. Bxd5 Bb4+ 18. Ke2 b6 19. Rhd1 Qh4 20. Qf2 Qf6 21. Rab1 Rac8 22. Kf1 Bc5 23. Qe2 Rce8 24. Kg2 h6 25. Re1 Re7 26. Rbd1 Kh8 27. Bc6 Re6 28. Bd5 Re7 29. Bc6 Re6 30. Bd5 1/2-1/2

[Event "Guingamp op 7th"]
[Site "Guingamp"]
[Date "2003.03.03"]
[Round "4"]
[White "Tran, Alex"]
[Black "Westrick, Erik"]
[Result "1-0"]
[WhiteElo "1520"]
[BlackElo "1660"]
[PlyCount "83"]
[EventDate "2003.03.02"]
[EventType "swiss"]
[EventRounds "9"]
[EventCountry "FRA"]
[SourceTitle "EXT 2004"]
[Source "ChessBase"]
[SourceDate "2003.11.25"]
[SourceVersion "1"]
[SourceVersionDate "2003.11.25"]
[SourceQuality "1"]

1. c4 Nf6 2. Nc3 e5 3. g3 c6 4. Bg2 Be7 5. Nf3 d6 6. 0-0 0-0 7. e4 Nbd7 8. b3 Nc5 9. d3 a5 10. Be3 Na6 11. a3 Bd7 12. Qc2 b5 13. d4 Qc7 14. Rfd1 Rfc8 15. dxe5 dxe5 16. Rd2 Ng4 17. Rad1 Nxe3 18. fxe3 Be6 19. Nb1 Bc5 20. Kf2 Qb6 21. Re1 Rd8 22. Bf1 Rxd2+ 23. Qxd2 Rd8 24. Qe2 b4 25. a4 f6 26. Nh4 Bf8 27. Nf5 Nc5 28. Qc2 Nd3+ 29. Bxd3 g6 30. Nh4 Qc5 31. Be2 Bh6 32. Bf3 Qd6 33. Rd1 Qe7 34. Rxd8+ Qxd8 35. Qd1 Qe7 36. Bg4 Bxg4 37. Qxg4 Kf7 38. Qc8 Qa7 39. Ng2 c5 40. Ne1 Qe7 41. Nd3 f5 42. Qxc5 1-0

[Event "Guingamp op 7th"]
[Site "Guingamp"]
[Date "2003.03.02"]
[Round "2"]
[White "Tran, Alex"]
[Black "Ellien, Iwan"]
[Result "1-0"]
[WhiteElo "1520"]
[BlackElo "1840"]
[PlyCount "57"]
[EventDate "2003.03.02"]
[EventType "swiss"]
[EventRounds "9"]
[EventCountry "FRA"]
[SourceTitle "EXT 2004"]
[Source "ChessBase"]
[SourceDate "2003.11.25"]
[SourceVersion "1"]
[SourceVersionDate "2003.11.25"]
[SourceQuality "1"]

1. c4 c5 2. Nc3 Nc6 3. g3 Nf6 4. Bg2 g6 5. e3 Bg7 6. Nge2 0-0 7. 0-0 d6 8. d4 cxd4 9. exd4 Bf5 10. a3 Qd7 11. Re1 a5 12. b3 Rac8 13. Bb2 h5 14. h4 e6 15. Qd2 Kh7 16. Bc1 Ng4 17. d5 Nce5 18. Ra2 Nd3 19. Rf1 Nge5 20. Nd4 Nxc1 21. Qxc1 Nd3 22. Qe3 Bxd4 23. Qxd4 e5 24. Qe3 Nc5 25. Ne4 Bxe4 26. Bxe4 f5 27. Bb1 f4 28. Qf3 Qh3 29. Qxh5+ 1-0